| 000 | 00957nam a22002414aa4500 | ||
|---|---|---|---|
| 001 | UTEA | ||
| 005 | 20250930142358.0 | ||
| 006 | g||||gr||||||01 nz | ||
| 007 | ta | ||
| 008 | 250923b es ||||| |||| 00| 0 spa d | ||
| 020 | _a978842917978 | ||
| 040 | _aUTEA | ||
| 041 | _aspa | ||
| 082 |
_a333.715 _bJ72 2013 |
||
| 100 |
_aJonker Geral _eautor |
||
| 245 |
_aIngeniería para la sostenibildad : _bguia práctica para el diseño sostenible / _cGerald Jonker _h[Texto impreso] |
||
| 260 |
_aEspaña; _bEditorial reverté; _c2013 |
||
| 300 |
_a115 páginas _bfiguras; _c15 x 23 cm. |
||
| 505 | _aIntroducción -- preparación del encargo de un diseño o proyecto -- Estructuración del contexto de la sostenibilidad -- generación de soluciones de diseño -- Adquisición de competencias sostenible. | ||
| 650 |
_aINGENIERIA SOSTENIBLE _959474 |
||
| 700 |
_aJan Harmsen _ecoautor _959475 |
||
| 942 |
_2ddc _cBK _e2025-09-23 _zCirila Celinda Molina Chirinos |
||
| 999 |
_c17344 _d17344 |
||